Curso de derecho de minería: incluye prontuario con escritos y contratos de uso frecuente
Saved in:
| Hovedforfatter: | |
|---|---|
| Format: | Bog |
| Sprog: | spansk |
| Udgivet: |
Santiago
Juridica de Chile
2015
|
| Udgivelse: | 7a. ed |
| Serier: | 385 p
|
| Fag: | |
| Tags: |
Tilføj Tag
Ingen Tags, Vær først til at tagge denne postø!
|
MARC
| LEADER | 00000cam a2200000 a 4500 | ||
|---|---|---|---|
| 001 | UCD3407 | ||
| 003 | CL-VaPUC | ||
| 008 | 160603e20150500cl |||||||||||||||||spa|d | ||
| 020 | |a 9789561023390 | ||
| 082 | 0 | 4 | |a 343.83077 |b LIR |2 21 |
| 100 | |a Lira Ovalle, Samuel |e autor |9 586857 | ||
| 245 | 1 | 0 | |a Curso de derecho de minería: incluye prontuario con escritos y contratos de uso frecuente |
| 250 | |a 7a. ed | ||
| 300 | |a 385 p | ||
| 942 | |c BK | ||
| 945 | |d 20160603 11:43:00 |a arojas | ||
| 260 | |a Santiago |b Juridica de Chile |c 2015 | ||
| 650 | 7 | |a SERVIDUMBRES MINERAS |2 CL-VaPUC |9 586858 | |
| 650 | 0 | |a Derecho minero |9 257109 | |
| 650 | 0 | |a Minas |9 255522 | |
| 650 | 0 | |a Concesiones mineras |9 256334 | |
| 650 | 0 | |a Contratos mineros |9 344920 | |
| 650 | 0 | |a Industria minera |9 260256 | |
| 650 | 7 | |a COMPAÑIAS MINERAS |2 CL-VaPUC |9 370031 | |
| 583 | |a last modification |c 20160603 11:43:00 |k Rodrigo Vera | ||
| 490 | 0 | |a 385 p | |
| 999 | |c 364443 |d 364441 | ||
| 952 | |0 0 |1 0 |2 ddc |3 erb |4 0 |6 343_830770000000000_LIR_2015 |7 0 |8 A |9 477628 |a BIBING |b BIBING |c RES |i 5290341 |o 343.83077 LIR 2015 |p 5290341 |r 2025-01-20 |w 2019-11-24 |y BK |z Catalogado en:20160603 |k EIQ | ||
| 952 | |0 0 |1 0 |2 ddc |3 erb |4 0 |6 343_830770000000000_LIR_2015 |7 0 |8 A |9 477629 |a BIBING |b BIBING |c RES |i 529035K |o 343.83077 LIR 2015 |p 529035K |r 2025-01-20 |w 2019-11-24 |y BK |z Catalogado en:20160603 |k EIQ | ||
| 952 | |0 0 |1 0 |2 ddc |3 erb |4 0 |6 343_830770000000000_LIR_2015 |7 0 |8 A |9 477630 |a BIBING |b BIBING |c RES |i 5290368 |o 343.83077 LIR 2015 |p 5290368 |r 2025-01-20 |w 2019-11-24 |y BK |z Catalogado en:20160603 |k EIQ | ||
| 952 | |0 0 |1 0 |3 erb |4 0 |6 343_830770000000000_LIR_2015 |7 0 |8 A |9 477631 |a BIBDER |b BIBDER |i 5360374 |l 2 |o 343.83077 LIR 2015 |p 5360374 |r 2023-06-30 |s 2023-06-30 |w 2019-11-24 |y BK |z Catalogado en:20170119 |k DER | ||